[Event "Hull 4NCL Congress"]
[Site "Canham Turner Centre"]
[Date "2023.09.08"]
[Round "1"]
[Board "1"]
[White "Hebden, Mark L"]
[Black "Krzyzanowski, Patryk"]
[Result "1-0"]
[WhiteElo "2447"]
[BlackElo "2090"]
[PlyCount "0"]
[EventDate "2023.09.08"]
[EventRounds "5"]
[EventCountry "ENG"]

1. d4 Nf6 2. Nf3 e6 3. Bg5 h6 4. Bh4 c5 5. e3 Qb6 6. Nbd2 Qxb2 7. Bxf6 gxf6 8. Be2
cxd4 9. Rb1 Qc3 10. O-O Be7 11. Nc4 d5 12. Rb3 Qxc4 13. Bxc4 dxc4 14. Rb1 dxe3 15.
fxe3 Bc5 16. Nd4 Ke7 17. Qe2 c3 18. Qc4 b6 19. Qxc3 Nd7 20. Nc6+ Kd6 21. Qd3+ Kc7
22. Rbd1 f5 23. Nd4 a6 24. Nb3 Kb7 25. Kh1 Rg8 26. e4 Ka7 27. Qc3 f6 28. exf5 e5
29. Rd5 Rg7 30. Nxc5 Nxc5 31. Rxc5 bxc5 32. Qxc5+ Kb8 33. Qd6+ Ka7 34. Qxf6 Rc7 35.
Qxe5 Rxc2 36. Qd4+ Kb8 37. Qd6+ Ka7 38. Rb1  1-0

[Event "Hull 4NCL Congress"]
[Site "Canham Turner Centre"]
[Date "2023.09.08"]
[Round "1"]
[Board "2"]
[White "Larchikov, Maksym"]
[Black "Gormally, Daniel W"]
[Result "1/2-1/2"]
[WhiteElo "1829"]
[BlackElo "2449"]
[PlyCount "0"]
[EventDate "2023.09.08"]
[EventRounds "5"]
[EventCountry "ENG"]

1. d4 Nf6 2. c4 e6 3. Nf3 Bb4+ 4. Bd2 a5 5. e3 b6 6. Bd3 Bb7 7. Nc3 O-O 8. O-O d6
9. Qe2 c5 10. Rfd1 Nbd7 11. a3 Bxc3 12. Bxc3 Qe7 13. a4 Rac8 14. b3 Rfd8 15. Rac1
d5 16. Ne5 dxc4 17. bxc4 cxd4 18. exd4 Nxe5 19. Qxe5 Qd6 20. Qe2 Qf4 21. f3 Qg5 22.
Bd2 Qh4 23. Be1 Qh5 24. Bf2 Nd7 25. Rb1 Bc6 26. Bc2 Re8 27. Qf1 Qg5 28. Kh1 Bb7 29.
Bd3 Ba6 30. Rdc1 h6 31. Qe1 Qf4 32. Qe4 Qxe4 33. fxe4 Red8 34. Bf1 Rc6 35. Bg3 e5
36. d5 Rf6 37. Kg1 Rc8 38. Be2 Rd6 39. Bg4 f6 40. Be6+ Kh7 41. Bf5+ Kg8 42. Be6+
Kh7 43. Bf5+  1/2-1/2

[Event "Hull 4NCL Congress"]
[Site "Canham Turner Centre"]
[Date "2023.09.08"]
[Round "1"]
[Board "3"]
[White "Wells, Peter K"]
[Black "Yu, Hongyi"]
[Result "0-1"]
[WhiteElo "2341"]
[BlackElo "2063"]
[PlyCount "0"]
[EventDate "2023.09.08"]
[EventRounds "5"]
[EventCountry "ENG"]

1. e4 d6 2. d4 Nf6 3. Nc3 g6 4. Be3 c6 5. Qd2 b5 6. Bd3 Bg7 7. Bh6 O-O 8. Bxg7 Kxg7
9. e5 dxe5 10. dxe5 Nd5 11. h4 h5 12. Nge2 b4 13. Ne4 Qc7 14. f4 c5 15. b3 f6 16.
O-O Bg4 17. exf6+ exf6 18. f5 Nd7 19. fxg6 Ne5 20. Nf4 Rad8 21. Rae1 c4 22. bxc4
Nxc4 23. Nxd5 Rxd5 24. Qxb4 Ne5 25. Rb1 Nxd3 26. cxd3 Qe5 27. Rbe1 Rb8 28. Qa4 Ra5
29. Qc2 Rb2 30. Qc3 Raxa2 31. Qxe5 Rxg2+ 32. Kh1 fxe5 33. Rf7+ Kxg6 34. Rf6+ Kg7
35. Rb1 Rh2+ 36. Kg1 Rag2+ 37. Kf1 Be2+  0-1

[Event "Hull 4NCL Congress"]
[Site "Canham Turner Centre"]
[Date "2023.09.08"]
[Round "1"]
[Board "4"]
[White "Pal, Rohan"]
[Black "Turner, Max N"]
[Result "0-1"]
[WhiteElo "1910"]
[BlackElo "2244"]
[PlyCount "0"]
[EventDate "2023.09.08"]
[EventRounds "5"]
[EventCountry "ENG"]

1. c4 e6 2. g3 d5 3. Bg2 Nf6 4. Nf3 Be7 5. O-O O-O 6. b3 d4 7. e3 c5 8. exd4 cxd4
9. d3 Nc6 10. Ba3 e5 11. Re1 Bd6 12. c5 Bc7 13. Nbd2 Re8 14. Nc4 Bf5 15. Ng5 h6 16.
Ne4 Nxe4 17. dxe4 Be6 18. Nb2 Ba5 19. Rf1 Bc3 20. Rb1 b5 21. Nd3 a5 22. f4 f6 23.
f5 Bf7 24. Bf3 a4 25. Bh5 Bxh5 26. Qxh5 b4 27. Bc1 Qe7 28. h4 Qf7 29. Qe2 axb3 30.
axb3 Na5 31. Qd1 h5 32. Rf2 Rec8 33. Bd2 Rab8 34. Rg2 Nb7 35. Bxc3 dxc3 36. c6 Na5
37. g4 hxg4 38. Qxg4 Nxc6 39. h5 Kf8 40. Nc5 Nd4 41. Ne6+ Ke7 42. Ra1 Ra8 43. Rga2
Rxa2 44. Rxa2 c2 45. Ra7+ Ke8 46. Nxg7+ Qxg7 47. Re7+ Qxe7 48. Qg8+ Qf8  0-1

[Event "Hull 4NCL Congress"]
[Site "Canham Turner Centre"]
[Date "2023.09.08"]
[Round "1"]
[Board "5"]
[White "Bulford, Michael J"]
[Black "Skettos, Nicolas"]
[Result "1/2-1/2"]
[WhiteElo "2285"]
[BlackElo "1903"]
[PlyCount "0"]
[EventDate "2023.09.08"]
[EventRounds "5"]
[EventCountry "ENG"]

1. d4 Nf6 2. c4 e6 3. Nf3 b6 4. g3 Ba6 5. Qc2 Bb7 6. Bg2 c5 7. O-O cxd4 8. Nxd4 Bxg2
9. Kxg2 Be7 10. b3 d5 11. Bb2 O-O 12. Rd1 Qc8 13. Nd2 Nc6 14. Rac1 Nxd4 15. Bxd4
Qb7 16. f3 Rac8 17. Qb1 Rfd8 18. Bxf6 Bxf6 19. cxd5 Rxc1 20. Rxc1 Qxd5 21. Ne4 Be5
22. Qc2 g6 23. Qc6 Qxc6 24. Rxc6 Rd7 25. f4 Rc7 26. Nf6+ Kh8 27. Rxc7 Bxc7 28. Kf3
Bb8 29. Ke4 Kg7 30. Nd7 Bd6 31. Kd4 f6 32. Kc4 Kf7 33. Kb5 Ke7 34. Kc6 e5 35. fxe5
fxe5 36. e4 h5 37. Nf6 Bc5 38. Nd5+ Kf7 39. b4 Bf2 40. b5 g5 41. Kb7 g4 42. Kxa7
Bg1 43. a4 Bxh2 44. Ne3 Bg1 45. Nf5 Bf2 46. Ka6 h4 47. Nxh4 Bxg3 48. Ng2 Bf2 49.
a5 bxa5 50. Kxa5 Kg6 51. b6 Kg5 52. Ka6 Bxb6 53. Kxb6 g3 54. Kc5 Kg4 55. Kd5  1/2-1/2

[Event "Hull 4NCL Congress"]
[Site "Canham Turner Centre"]
[Date "2023.09.08"]
[Round "1"]
[Board "6"]
[White "Ravikumar, Pranava"]
[Black "Verma, Aditya"]
[Result "0-1"]
[WhiteElo "1803"]
[BlackElo "2140"]
[PlyCount "0"]
[EventDate "2023.09.08"]
[EventRounds "5"]
[EventCountry "ENG"]

1. Nf3 d5 2. e3 Nf6 3. d4 e6 4. Bd3 c5 5. b3 Nc6 6. Bb2 Bd6 7. O-O Qc7 8. c4 cxd4
9. exd4 O-O 10. Nc3 a6 11. c5 Be7 12. Na4 h6 13. Nb6 Rb8 14. Re1 Nd7 15. Nxc8 Rfxc8
16. Qd2 a5 17. Rac1 b6 18. cxb6 Qxb6 19. Rc2 Nb4 20. Rxc8+ Rxc8 21. Bb1 a4 22. a3
Nc6 23. b4 Nxb4 24. Rc1 Rxc1+ 25. Qxc1 Nc6 26. Qc2 Nf8 27. Qc1 Bf6 28. Bc2 Nxd4 29.
Bxd4 Bxd4 30. Nxd4 Qxd4 31. Qd1 Qc3 32. Bxa4 Qxa3 33. g3 Qc3 34. Bb3 d4 35. f4 d3
36. Ba4 Ng6 37. Bb5 Qc5+  0-1

[Event "Hull 4NCL Congress"]
[Site "Canham Turner Centre"]
[Date "2023.09.08"]
[Round "1"]
[Board "7"]
[White "Southcott-Moyers, Indy"]
[Black "Brencher, Paul"]
[Result "1/2-1/2"]
[WhiteElo "2006"]
[BlackElo "1879"]
[PlyCount "0"]
[EventDate "2023.09.08"]
[EventRounds "5"]
[EventCountry "ENG"]

1. d4 Nf6 2. c4 e6 3. Nf3 Bb4+ 4. Bd2 Qe7 5. e3 O-O 6. Bd3 Bxd2+ 7. Qxd2 d5 8. cxd5
exd5 9. Nc3 c6 10. O-O Nbd7 11. Qc2 Re8 12. Rfe1 Ne4 13. b4 Ndf6 14. Rab1 Nxc3 15.
Qxc3 Ne4 16. Bxe4 Qxe4 17. Ne5 f6 18. f3 Qf5 19. Nd3 Qg6 20. b5 Bf5 21. Nf4 Qf7 22.
Rb2 g5 23. Nd3 Bxd3 24. Qxd3 cxb5 25. Rxb5 Rad8 26. Rc5 b6 27. Rc3 Rc8 28. Rec1 Rxc3
29. Rxc3 Re7 30. Qf5 Qe6 31. Rc8+ Kg7 32. Qxe6 Rxe6 33. Rc7+ Kg6 34. Kf2 a5 35. a4
h5 36. h3 h4 37. Ke2 Rd6 38. Kd3 Kf5 39. Rc8 Ke6 40. e4 Kd7 41. Rf8 Ke7 42. Rb8 Ke6
43. Ra8 Ke7 44. Rc8 Kd7 45. Rh8 Ke6 46. Rb8 Ke7 47. e5 Rc6 48. Rb7+ Ke6 49. exf6
Kxf6 50. Rh7 Rc4 51. Rh6+  1/2-1/2

[Event "Hull 4NCL Congress"]
[Site "Canham Turner Centre"]
[Date "2023.09.08"]
[Round "1"]
[Board "8"]
[White "Parry, Samuel A"]
[Black "Carroll, Thomas"]
[Result "0-1"]
[WhiteElo "1807"]
[BlackElo "2048"]
[PlyCount "0"]
[EventDate "2023.09.08"]
[EventRounds "5"]
[EventCountry "ENG"]

1. e4 c5 2. d4 cxd4 3. c3 dxc3 4. Nxc3 Nc6 5. Nf3 e6 6. Bc4 a6 7. O-O b5 8. Bb3 Bb7
9. e5 Nge7 10. Bg5 Na5 11. Nd4 Qb8 12. Bc2 Qxe5 13. Bh4 Ng6 14. Re1 Qc5 15. Bg3 Be7
16. Bxg6 hxg6 17. Re5 Qb6 18. Nf3 Nc4 19. Re2 Bxf3 20. gxf3 Qb7 21. Qd3 O-O 22. Nd5
Bd8 23. Nf4 Bf6 24. Rae1 Nxb2 25. Qb3 Nc4 26. h4 d5 27. h5 g5 28. Nd3 Qe7 29. Kg2
Rfe8 30. Ne5 Bxe5 31. Bxe5 f6 32. Ba1 Qf7 33. Qd3 Nd6 34. Rh1 Nf5 35. f4 Nh4+ 36.
Kf1 Qxh5 37. fxg5 Rac8 38. Re1 Qxg5 39. Qh3 Nf5 40. Rg1 Qh4 41. Qg2 Rc2 42. Qf3 Qc4+
 0-1

[Event "Hull 4NCL Congress"]
[Site "Canham Turner Centre"]
[Date "2023.09.08"]
[Round "1"]
[Board "9"]
[White "Ther, Mate"]
[Black "Chesters, Graham"]
[Result "1-0"]
[WhiteElo "1988"]
[BlackElo "1996"]
[PlyCount "0"]
[EventDate "2023.09.08"]
[EventRounds "5"]
[EventCountry "ENG"]

1. e4 c6 2. d4 d5 3. Nc3 dxe4 4. Nxe4 Nf6 5. Nxf6+ gxf6 6. c3 Bf5 7. Ne2 e6 8. Ng3
Bg6 9. h4 h5 10. Be2 Qa5 11. b4 Qc7 12. Bxh5 Bxh5 13. Nxh5 Nd7 14. Bf4 e5 15. dxe5
O-O-O 16. Qg4 Kb8 17. O-O-O Nxe5 18. Nxf6 Bh6 19. Kb1 Rxd1+ 20. Rxd1 Nxg4 21. Bxc7+
Kxc7 22. Nxg4 Bg7 23. g3 Bxc3 24. a3 a5 25. bxa5 Ra8 26. Rd3 Bg7 27. Rf3 Rf8 28.
h5 Kd6 29. Ne3 Ke6 30. g4 Ra8 31. Rf5 Bd4 32. Nc4 f6 33. Kc2 Rg8 34. f3 Rd8 35. h6
Rh8 36. Rh5 Rh7 37. Kd3 c5 38. Ke4 f5+ 39. gxf5+ Kf6 40. Nd6 Re7+ 41. Kd5 Rd7 42.
h7 Ke7 43. Rh6 Rd8 44. Re6+ Kf8 45. f6  1-0

[Event "Hull 4NCL Congress"]
[Site "Canham Turner Centre"]
[Date "2023.09.08"]
[Round "1"]
[Board "10"]
[White "Raynes, Paul"]
[Black "Okhai, Shabir"]
[Result "0-1"]
[WhiteElo "1962"]
[BlackElo "2105"]
[PlyCount "0"]
[EventDate "2023.09.08"]
[EventRounds "5"]
[EventCountry "ENG"]

1. d4 Nf6 2. Bf4 d5 3. e3 e6 4. Nd2 c5 5. c3 Nc6 6. Ngf3 cxd4 7. exd4 Nh5 8. Be3
Bd6 9. g3 Nf6 10. Bg2 Ng4 11. O-O Nxe3 12. fxe3 O-O 13. e4 dxe4 14. Nxe4 Be7 15.
Qe2 Bd7 16. Rad1 Qb6 17. Kh1 Rad8 18. b4 a6 19. Nc5 Bc8 20. a4 Qc7 21. b5 axb5 22.
axb5 Na5 23. Ne4 Nc4 24. Ned2 Nxd2 25. Qxd2 Bf6 26. Ne1 e5 27. Rxf6 gxf6 28. Qh6
Rd6 29. Nf3 Bg4 30. Nh4 f5 31. Qg5+ Kh8 32. Rf1 Rg8 33. Qd2 f4 34. Qe1 Re6 35. Bd5
fxg3 36. hxg3 exd4 37. Bxe6 Bxe6 38. Kh2 dxc3 39. Qf2 Qe5 40. Re1 Qg7 41. Re3 Rd8
42. Re2 Qd4 43. Qe1 Rc8 44. Rxe6 fxe6 45. Qxe6 Rf8 46. g4 Qf6  0-1

[Event "Hull 4NCL Congress"]
[Site "Canham Turner Centre"]
[Date "2023.09.08"]
[Round "1"]
[Board "11"]
[White "Walker, Martin G"]
[Black "Collinson, Mark I"]
[Result "1/2-1/2"]
[WhiteElo "2099"]
[BlackElo "1818"]
[PlyCount "0"]
[EventDate "2023.09.08"]
[EventRounds "5"]
[EventCountry "ENG"]

1. e4 e5 2. Nf3 Nc6 3. Bb5 d6 4. d4 exd4 5. Nxd4 Bd7 6. Nc3 Be7 7. Be3 Nf6 8. O-O
O-O 9. Nxc6 Bxc6 10. Bxc6 bxc6 11. Qe2 Qc8 12. Qc4 Qb7 13. Rfd1 Ng4 14. Bd4 c5 15.
Nd5 Bh4 16. h3 cxd4 17. hxg4 c6 18. Nb4 Rac8 19. Nd3 Bf6 20. Re1 Qd7 21. f3 Rfe8
22. Qa4 Qc7 23. f4 Bh4 24. Re2 c5 25. e5 dxe5 26. Rxe5 Rxe5 27. Nxe5 Bg3 28. Rf1
Bxf4 29. Rxf4 Qxe5 30. Rxf7 Kxf7 31. Qd7+ Kg6  1/2-1/2

[Event "Hull 4NCL Congress"]
[Site "Canham Turner Centre"]
[Date "2023.09.08"]
[Round "1"]
[Board "12"]
[White "Rich, Ben S"]
[Black "Britton, Richard"]
[Result "0-1"]
[WhiteElo "1835"]
[BlackElo "2107"]
[PlyCount "0"]
[EventDate "2023.09.08"]
[EventRounds "5"]
[EventCountry "ENG"]

1. a3 g6 2. Nf3 Bg7 3. c4 d6 4. Nc3 e5 5. d3 h6 6. Qc2 a5 7. b3 Nc6 8. e3 f5 9. Bb2
Nf6 10. Be2 Be6 11. O-O O-O 12. d4 e4 13. d5 exf3 14. Bxf3 Bd7 15. dxc6 bxc6 16.
Rad1 Qe7 17. Rfe1 Qf7 18. Ne2 Rae8 19. g3 Ne4 20. a4 Bxb2 21. Qxb2 g5 22. Bg2 Qg7
23. Qxg7+ Kxg7 24. Bxe4 fxe4 25. Nd4 Bg4 26. Rd2 c5 27. Nb5 Re7 28. Rb1 Kg6 29. Nc3
h5 30. h4 gxh4 31. gxh4 Kh6 32. Nd5 Rg7 33. Kh2 Rb8 34. Nf4 Bf3 35. Rc2 Rbg8 36.
Rcc1 Rg4 37. Kh3 Bg2+ 38. Nxg2 Rxg2 39. Rf1 R2g4 40. Rbd1 Rf8 41. Rg1 Rf3+ 42. Rg3
Rgxg3+ 43. fxg3 Rxe3 44. Rb1 Kg6 45. Kg2 Kf5 46. Rf1+ Ke5 47. Rf7 Rxb3 48. Rxc7 Rb2+
49. Kf1 Rc2 50. Ra7 Rxc4 51. Rxa5 Kd4 52. Ra8 d5 53. a5 Kd3 54. a6 Rc1+ 55. Kg2 Rc2+
56. Kf1 Ra2 57. a7 d4 58. Rc8 Rxa7 59. Rxc5 Ra1+ 60. Kg2 e3 61. Re5 e2  0-1

[Event "Hull 4NCL Congress"]
[Site "Canham Turner Centre"]
[Date "2023.09.08"]
[Round "1"]
[Board "13"]
[White "Chan, Sheng Liang Bernard"]
[Black "Rich, Aaron"]
[Result "1-0"]
[WhiteElo "2090"]
[BlackElo "1599"]
[PlyCount "0"]
[EventDate "2023.09.08"]
[EventRounds "5"]
[EventCountry "ENG"]

1. d4 f5 2. Nc3 Nf6 3. Bg5 e6 4. e4 fxe4 5. Nxe4 Be7 6. Bxf6 Bxf6 7. Qh5+ g6 8. Qh6
d5 9. Nxf6+ Qxf6 10. O-O-O Nc6 11. Nf3 Bd7 12. Bb5 Nb8 13. Bd3 Nc6 14. Bb5 Nb8 15.
Bd3 Nc6 16. Rhe1 O-O-O 17. Qe3 Rde8 18. Rd2 Re7 19. Ne5 Rhe8 20. f4 Kb8 21. Bb5 Nxe5
22. fxe5 Qg7 23. Bd3 Rf7 24. Rf1 Ref8 25. Rdd1 Kc8 26. h4 Rxf1 27. Rxf1 Rxf1+ 28.
Bxf1 Qf8 29. Bd3 Qf7 30. Kd2 Be8 31. Ke2 Bd7 32. Qg5 Be8 33. g4 Bd7 34. Ke3 Be8 35.
c3 Kd7 36. b4 Kc8 37. Qf6 Qxf6 38. exf6 Bf7 39. Kf4 h6 40. Ke5 Kd7 41. a4 c6 42.
c4 Kc7 43. cxd5 exd5 44. Bxg6 Bxg6 45. Ke6 b5 46. axb5 cxb5 47. h5 Be8 48. Ke7 a5
49. Kxe8  1-0

[Event "Hull 4NCL Congress"]
[Site "Canham Turner Centre"]
[Date "2023.09.08"]
[Round "1"]
[Board "14"]
[White "Walker, Jack"]
[Black "Cooper, John G"]
[Result "1/2-1/2"]
[WhiteElo "1811"]
[BlackElo "2107"]
[PlyCount "0"]
[EventDate "2023.09.08"]
[EventRounds "5"]
[EventCountry "ENG"]

1. d4 d5 2. c4 e6 3. Nf3 c5 4. cxd5 exd5 5. g3 Nc6 6. Bg2 Nf6 7. O-O Be7 8. dxc5
Bxc5 9. a3 O-O 10. b4 Be7 11. Nc3 Re8 12. Bb2 Bg4 13. Qb3 Bf8 14. e3 Qd7 15. Ne2
Rad8 16. Nf4 Nh5 17. Nd3 Bh3 18. Rfd1 Bxg2 19. Kxg2 Qg4 20. Nde5 Nxe5 21. Bxe5 Qe6
22. Rd3 Rd7 23. Rc1 Be7 24. Rc7 Rxc7 25. Bxc7 Nf6 26. Be5 Rd8 27. Qb2 Qf5 28. Rd1
Rc8 29. Qd4 b6 30. Bxf6 Bxf6 31. Qxd5 Qxd5 32. Rxd5 Rc3 33. a4 Ra3 34. a5 Kf8 35.
Rd7 bxa5 36. bxa5 Rxa5 37. Nd4 Ra2 38. Nc6 a6 39. Ra7 g6 40. Nb4 Ra4 41. Rc7  1/2-1/2

[Event "Hull 4NCL Congress"]
[Site "Canham Turner Centre"]
[Date "2023.09.08"]
[Round "1"]
[Board "15"]
[White "Subramanian, Anusha"]
[Black "Ilett, Raymond J"]
[Result "1-0"]
[WhiteElo "1995"]
[BlackElo "1781"]
[PlyCount "0"]
[EventDate "2023.09.08"]
[EventRounds "5"]
[EventCountry "ENG"]

1. e4 Nc6 2. d4 d5 3. e5 Bf5 4. c3 e6 5. Bd3 Bxd3 6. Qxd3 f6 7. Nf3 fxe5 8. dxe5
Qd7 9. O-O Nge7 10. Bf4 Ng6 11. Bg3 Be7 12. b4 O-O 13. Nbd2 Rad8 14. Nb3 a6 15. a4
Na7 16. Qe3 Ra8 17. Nfd4 b6 18. a5 c5 19. Nc2 c4 20. Nbd4 b5 21. f4 Nc6 22. Nxc6
Qxc6 23. Nd4 Qc8 24. Ra2 Nh8 25. Qf3 g6 26. Qg4 Kf7 27. Bh4 Bxh4 28. Qxh4 Kg8 29.
Qg4 Re8 30. Qg3 Qc7 31. Qh3 Qd7 32. g4 Nf7 33. Qg3 Kh8 34. Rg2 Rg8 35. Kh1 Raf8 36.
Rgf2 Nd8 37. Qe3 Nc6 38. Rg1 Qa7 39. Rd2 Nxd4 40. Rxd4 Rf7 41. Rf1 Rgf8 42. Kg2 Qe7
43. Kg3 Kg7 44. h4 h5 45. Qe2 Rh8 46. Rg1 Kf8 47. Kh3 hxg4+ 48. Rxg4 Rfh7 49. Qf2
Qf7 50. Rd2 Qf5 51. Qc5+ Kg7 52. Kg3 Rf8 53. Qa7+ Rf7 54. Qxa6 Qe4 55. Qb6 Kh6 56.
Qd4 Qe1+ 57. Qf2 Qc1 58. Qe3 Kg7 59. Re2 Qb1 60. Qd2 Rh5 61. Re1 Qf5 62. Re2 Rh6
63. Rg5 Qb1 64. Re1 Qb3 65. Rc1 Rd7 66. Qd4 Qb2 67. Rg1 Rf7 68. Rg2 Qb3 69. Rf2 Rf5
70. Qd2 Rh5 71. Qc2 Qa3 72. Qb2 Qa4 73. Rd2 Rhxg5+ 74. hxg5 Rf7 75. Qa2 Qxa2 76.
Rxa2 d4 77. cxd4 c3 78. a6 Rc7 79. a7 c2 80. Rxc2 Rxa7 81. Rc5 Rb7 82. Kf3 Kf7 83.
Ke4 Ke7 84. d5 exd5+ 85. Rxd5 Rb6 86. f5 gxf5+ 87. Kxf5 Kf7 88. e6+ Rxe6 89. Rd7+
Re7 90. g6+ Ke8 91. Rxe7+ Kxe7 92. Ke5  1-0

[Event "Hull 4NCL Congress"]
[Site "Canham Turner Centre"]
[Date "2023.09.08"]
[Round "1"]
[Board "16"]
[White "Mize, Dylan"]
[Black "Varley, Joe"]
[Result "1/2-1/2"]
[WhiteElo "1790"]
[BlackElo "1937"]
[PlyCount "0"]
[EventDate "2023.09.08"]
[EventRounds "5"]
[EventCountry "ENG"]

1. d4 Nf6 2. Bg5 Ne4 3. Bf4 d5 4. e3 c5 5. Bd3 Nf6 6. c3 Nc6 7. h3 g6 8. Nf3 Bg7
9. Nbd2 O-O 10. O-O Nd7 11. Re1 e5 12. dxe5 Ndxe5 13. Bf1 Re8 14. Nxe5 Nxe5 15. Nf3
Nc6 16. Qa4 Re4 17. Qc2 b6 18. Rad1 Bb7 19. Bd3 Re8 20. Rd2 Qc8 21. Be2 Nd8 22. Bb5
Re7 23. Ng5 Bf6 24. h4 d4 25. Bd6 Qg4 26. Bf1 dxc3 27. bxc3 Rd7 28. Bg3 Rxd2 29.
Qxd2 Bxg5 30. hxg5 Qxg5 31. Qd7 Bc6 32. Qd6 Qd5 33. Qxd5 Bxd5 34. a3 Bb3 35. Re2
Nc6 36. Rd2 Be6 37. Be2 Na5 38. Bb5 Bc4 39. Ba4 b5 40. Bc2 Be6 41. Be4 Rc8 42. Rd6
Nb3 43. Bc6 Bc4 44. Be5 a5 45. Bf6 Rb8 46. Bb7 Be6 47. Bd5 Bxd5 48. Rxd5 b4 49. cxb4
cxb4 50. axb4 axb4 51. Kf1 Nc1 52. Bb2 Na2 53. Ke1 f5 54. Kd1 Rb7 55. Kc2 b3+ 56.
Kb1 Kf7 57. Bd4 Nb4 58. Rc5 Nd3 59. Ra5 Rc7 60. Ra7 Rxa7 61. Bxa7 Nxf2 62. Kb2 Ke6
63. Kxb3 Ke5 64. Kc2 Ke4 65. Kd2 Ng4 66. Ke2 g5 67. Bb6 Ne5 68. Bd8 h6 69. Bb6 Nc4
70. Bc5 Ne5 71. Be7 Ng6 72. Bf6 g4 73. g3 h5 74. Bg5 Ne5 75. Bf6 Nf3 76. Be7 Ne5
77. Bf6 Nc4 78. Bg5 Ke5 79. Be7 Ke6 80. Bg5 Ne5 81. Bh4 Nf3 82. Bd8 Kf7 83. Kf2 Kg6
84. Be7 Ng5 85. Bd8 Ne4+ 86. Kg2 Kf7 87. Bh4 Ke6 88. Bd8 Kd7 89. Bb6 Ke7 90. Bc7
Kf7 91. Be5 Kg6 92. Bc7 Nf6 93. Kf2 Nd5 94. Bd8 Nc3 95. Be7 Kh6 96. Bd8 Kg7 97. Bc7
Ne4+ 98. Kg2 h4 99. gxh4 Kg6 100. Bd8 Nd6 101. Kg3 Kh5 102. Kf4 Kg6 103. Bc7 Ne4
104. Bd8 g3 105. Kf3 Kh5 106. Be7 Kg6 107. Bd8 Kf7 108. Bc7 Kg6 109. Bxg3 Nd2+ 110.
Kf4 Nc4 111. Bf2 Nd2 112. Bg3 Nc4 113. Kf3 Nd2+ 114. Ke2 Ne4 115. Be1 Kh5 116. Kf3
Kg6 117. Kf4 Nf6 118. Bg3 Ne4 119. Be1 Nf6 120. Bd2 Nd5+ 121. Ke5 Nf6 122. Be1 Ng4+
123. Kf4 Nf6  1/2-1/2

[Event "Hull 4NCL Congress"]
[Site "Canham Turner Centre"]
[Date "2023.09.08"]
[Round "1"]
[Board "17"]
[White "Ackley, Peter"]
[Black "Bettley, Andrew D"]
[Result "1-0"]
[WhiteElo "1935"]
[BlackElo "1473"]
[PlyCount "0"]
[EventDate "2023.09.08"]
[EventRounds "5"]
[EventCountry "ENG"]

1. c4 e5 2. Nc3 Nf6 3. Nf3 Nc6 4. e3 Be7 5. Be2 d6 6. d4 exd4 7. Nxd4 Nxd4 8. Qxd4
O-O 9. b3 c6 10. Bb2 Qa5 11. O-O Qe5 12. Rad1 Bf5 13. Bf3 Qxd4 14. Rxd4 Rfd8 15.
Rfd1 Rd7 16. e4 Bg4 17. Bxg4 Nxg4 18. h3 Ne5 19. f4 Ng6 20. g3 Rad8 21. Kg2 Kf8 22.
e5 Ke8 23. exd6 Rxd6 24. Rxd6 Rxd6 25. Rxd6 Bxd6 26. Ne4 Bf8 27. f5 Nh8 28. f6 gxf6
29. Nxf6+ Ke7 30. Ng8+  1-0

[Event "Hull 4NCL Congress"]
[Site "Canham Turner Centre"]
[Date "2023.09.08"]
[Round "1"]
[Board "18"]
[White "Bhatia, Kanishka"]
[Black "Burnett, Jim"]
[Result "0-1"]
[WhiteElo "1660"]
[BlackElo "2008"]
[PlyCount "0"]
[EventDate "2023.09.08"]
[EventRounds "5"]
[EventCountry "ENG"]

1. e4 e6 2. Nf3 d5 3. Nc3 Nf6 4. e5 Nfd7 5. d4 c5 6. dxc5 Nc6 7. Bf4 Bxc5 8. Bd3
f6 9. Qe2 fxe5 10. Nxe5 Ndxe5 11. Bxe5 Nxe5 12. Qxe5 O-O 13. f3 Qh4+ 14. Qg3 Qf6
15. Na4 Be3 16. Nc3 Bd7 17. Nd1 Bb6 18. c3 e5 19. Nf2 e4 20. Be2 exf3 21. Bxf3 Rae8+
22. Kd1 Ba4+ 23. b3 Bxf2 24. Qxf2 Qxc3 25. Rc1 Qd3+ 26. Qd2 Qxd2+ 27. Kxd2 Bc6 28.
Rc5 Rd8 29. Re1 Rf6 30. Kd3 Kf7 31. Kd4 Rf4+ 32. Ke3 Rh4 33. Kf2 Rxh2 34. b4 d4 35.
Bxc6 bxc6 36. Rxc6 Rd7 37. Rd1 Rh5 38. Kf3 Rf5+ 39. Kg3 h5 40. Rc4 d3 41. Rc3 d2
42. Rc2 Rd3+ 43. Kh2 Rfd5 44. Kg1 g5 45. Kf2 h4 46. Ke2 g4 47. Rc4 R3d4 48. Rxd4
Rxd4 49. Ke3 Rd6 50. Kf4 h3 51. gxh3 gxh3 52. Kg3 Rd3+ 53. Kf2 Ke6 54. Ke2 Rd5 55.
a4 Kd6 56. Kf2 Kc6 57. Kg3 Rd3+ 58. Kf2 Kd5 59. Ke2 Kc4 60. b5 Rd6 61. Kf3 Kc3 62.
a5 Kc2 63. Ra1 d1=Q+ 64. Rxd1 Kxd1 65. b6 axb6 66. axb6 Rxb6 67. Kg3 Rh6 68. Kh2
Ke2 69. Kh1 Kf3 70. Kg1 Kg3 71. Kh1 Ra6 72. Kg1 Ra1#  0-1

[Event "Hull 4NCL Congress"]
[Site "Canham Turner Centre"]
[Date "2023.09.09"]
[Round "3"]
[Board "1"]
[White "Okhai, Shabir"]
[Black "Hebden, Mark L"]
[Result "0-1"]
[WhiteElo "2105"]
[BlackElo "2447"]
[PlyCount "0"]
[EventDate "2023.09.08"]
[EventRounds "5"]
[EventCountry "ENG"]

1. e4 e5 2. Nf3 Nc6 3. Bc4 Nf6 4. d3 Be7 5. O-O d6 6. a4 O-O 7. Re1 Na5 8. Ba2 c5
9. c3 Nc6 10. Na3 h6 11. Bd2 Nh7 12. Nc2 Kh8 13. Ne3 Ng5 14. Nxg5 Bxg5 15. Qc1 Be6
16. Bd5 Rc8 17. g3 Rc7 18. h4 Bxe3 19. Bxe3 Bxd5 20. exd5 Ne7 21. c4 Nf5 22. Kg2
Qf6 23. Rh1 Re8 24. f3 Qg6 25. Bf2 Nd4 26. Qd1 f5 27. Re1 Rce7 28. Kh3 h5 29. a5
Kg8 30. b4 cxb4 31. Rb1 b3 32. Rg1 b6 33. axb6 axb6 34. Bxd4 exd4 35. Rxb3 Re2 36.
Qc1 Qg4+ 37. fxg4 fxg4#  0-1

[Event "Hull 4NCL Congress"]
[Site "Canham Turner Centre"]
[Date "2023.09.09"]
[Round "3"]
[Board "2"]
[White "Turner, Max N"]
[Black "Ackley, Peter"]
[Result "1-0"]
[WhiteElo "2244"]
[BlackElo "1935"]
[PlyCount "0"]
[EventDate "2023.09.08"]
[EventRounds "5"]
[EventCountry "ENG"]

1. d4 d6 2. Nf3 g6 3. g3 f5 4. Bg2 Nf6 5. O-O Bg7 6. c4 O-O 7. Nc3 Qe8 8. d5 a5 9.
Be3 Na6 10. Qd2 Ng4 11. Bd4 Bh6 12. Ng5 c5 13. dxc6 bxc6 14. h3 Ne5 15. b3 Nf7 16.
Be3 Nc5 17. Nxf7 Bxe3 18. Qxe3 Rxf7 19. Rfd1 Bd7 20. f4 Qb8 21. Rab1 Qa7 22. Kh2
Ne6 23. Qxa7 Rxa7 24. Na4 Kg7 25. c5 d5 26. Rdc1 Kf6 27. Nb2 Rf8 28. Nd3 Nd8 29.
a3 Nf7 30. b4 axb4 31. axb4 e6 32. b5 cxb5 33. c6 Bc8 34. Rxb5 Nd6 35. Rb8 Rff7 36.
Ne5 Rfc7 37. g4 Nf7 38. Nf3 Nd6 39. Nd4 h6 40. gxf5 gxf5 41. Rb4 Ra3 42. Bf3 Ba6
43. Rg1 e5 44. fxe5+ Kxe5 45. Rd1 Bc4 46. Rb8 Raa7 47. Rd8 Rc8 48. Rd7 Rcc7 49. Rxc7
Rxc7 50. Kg3 Nc8 51. Bh5 Na7 52. Be8 Nb5 53. e3 Nxd4 54. exd4+ Kd6 55. Kf4 Bb5 56.
Rc1 Bd3 57. Bd7  1-0

[Event "Hull 4NCL Congress"]
[Site "Canham Turner Centre"]
[Date "2023.09.09"]
[Round "3"]
[Board "3"]
[White "Verma, Aditya"]
[Black "Chan, Sheng Liang Bernard"]
[Result "1/2-1/2"]
[WhiteElo "2140"]
[BlackElo "2090"]
[PlyCount "0"]
[EventDate "2023.09.08"]
[EventRounds "5"]
[EventCountry "ENG"]

1. e4 c5 2. Nf3 d6 3. d4 cxd4 4. Nxd4 Nf6 5. Nc3 g6 6. Be3 Bg7 7. f3 O-O 8. Qd2 Nc6
9. O-O-O d5 10. Nxc6 bxc6 11. Bh6 Bxh6 12. Qxh6 e5 13. exd5 cxd5 14. Qg5 Qd6 15.
Bc4 d4 16. Nb5 Qb4 17. Bd3 a6 18. Qxf6 axb5 19. a3 Qc5 20. Rhe1 Re8 21. f4 Bg4 22.
Rxe5 Rxe5 23. fxe5 Bxd1 24. e6 fxe6 25. Qxe6+ Kg7 26. Qd7+ Kh6 27. Kxd1 b4 28. Qh3+
Kg7 29. Qd7+ Kh8 30. Qb7 Rd8 31. Qxb4 Qe5 32. g3 Rb8 33. Qc4 Rxb2 34. Qc8+ Kg7 35.
Qd7+ Kh6 36. Qh3+ Qh5+ 37. Qxh5+ Kxh5 38. a4 Kg4 39. a5 Kh3 40. Ke2 Rb7 41. a6 Re7+
42. Kf3 Re5  1/2-1/2